Ninjago: Mistrzowie Spinjitzu - Polskie Odcinki - Statystyki

Ogólne statystyki
  • Ten quiz został rozwiązany 441 razy
  • Średni wynik to 31 z 100
Statystyki odpowiedzi
Numer Tytuł % Poprawnych
6 (70) Atak
63%
10 (10) Zielony Ninja
60%
1 (35) Zaproszenie
55%
1 (1) Atak węży
53%
2 (2) Dom
52%
8 (34) Tytanowy Ninja
52%
10 (44) Wąwóz Wielkich
47%
9 (9) Kowale Melodii
45%
5 (18) Dziecinada
44%
13 (13) Dzień Pożeracza Światów
44%
1 (45) Wiatry zmian
43%
10 (64) Ostatnie życzenie
42%
6 (50) Królestwo Chmur
39%
6 (32) Operacja: Arkturus
39%
2 (36) Tylko Jeden Zwycięży
39%
4 (4) Nie ufaj wężom
38%
2 (15) Piraci kontra Ninja
38%
1 (27) Spięcie
38%
1 (75) Maska Iluzji
37%
12 (12) Przebudzenie Pożeracza Światów
37%
13 (26) Wejście Mistrza
37%
5 (49) Ciuciubabka
36%
1 (85) Pramatka
36%
6 (19) W złym miejscu, o nie właściwym czasie
36%
8 (21) Dzień, w którym zatrzymało się ninjago
35%
2 (46) Opowieści o duchach
35%
12 (25) Powrót Mrocznego Władcy
35%
3 (3) Ukąszeni
35%
10 (23) Wyspa Ciemności
35%
7 (7) Czas ucieka
34%
2 (28) Droga Milczącej Pięści
34%
1 (65) Władcy Czasu
34%
4 (17) Wyścig Wojowników
34%
8 (52) Grobowiec Losu
33%
9 (63) Operacja Ziemia Powietrze
33%
9 (53) Świat nad Przepaścią, część 1
33%
10 (54) Świat nad Przepaścią, część 2
33%
5 (39) Szpiedzy są wśród nas
33%
Pilot 1 Tajemnice ninja
33%
7 (20) Armia z kamienia
32%
3 (16) Atak sobowtórów
32%
8 (42) Dzień Smoka
32%
6 (40) Zaklęcie
32%
6 (60) Kolacja z Nadakhanem
31%
7 (51) Kręte Ścieżki Losu
31%
6 (6) Król Węży
31%
4 (48) Nawiedzona Świątynia
31%
3 (77) Oni i Smok
31%
4 (38) Pojedynek na Rolkach
31%
5 (5) Węże na wolności
31%
Pilot 2 Władca Cieni
31%
1 (14) Atak Ciemności
30%
6 (80) Cisza
30%
3 (37) Przeciwnicy
30%
10 (94) Przeznaczenie
30%
5 (31) Starcie w Cyberświecie
30%
2 (56) Wróg Publiczny Numer Jeden
30%
11 (11) Wszystko i Nic
30%
7 (81) Gra o Maski
28%
1 (55) Niechęć
28%
8 (8) Spotkanie z Wężem
28%
7 (33) W otchłani
28%
3 (47) Co nas nie zabije to nas wzmocni
27%
2 (76) Jadeitowa Księżniczka
27%
11 (24) Ostatnia Nadzieja
27%
9 (22) Ostatnia Podróż
27%
4 (98) Pożegnanie
27%
4 (78) Wężowy Jaguar
27%
10 (74) Zagubieni w czasie
27%
3 (29) Zanik Mocy
27%
8 (82) Ceremonia
26%
4 (30) Klątwa Złotego Władcy
26%
9 (43) Najgorszy Koszmar
26%
9 (83) Prawdziwy Potencjał
26%
3 (97) Upadek
26%
10 (84) Wielkie kłopoty w niewielkim Ninjago
26%
7 (41) Ostatni Element
25%
1 (95) Siły ciemności nadchodzą
25%
5 (79) Sztorm Umarlaka
24%
8 (72) Akcja się zagęszcza
23%
4 (88) Jak Zbudować Smoka
23%
5 (59) Na Własne Życzenie
23%
8 (62) Ostatnia Deska Ratunku
23%
2 (66) Początki
23%
9 (73) Powrót do Korzeni
23%
7 (61) Czarymary
22%
2 (86) Żelazo i kamień
22%
3 (67) Czas Zdrajców
21%
7 (91) Najsłabsze ogniwo
20%
8 (92) Odzyskać wiarę
20%
6 (90) Dwa Kłamstwa, Jedna Prawda
19%
4 (58) Powrót Twierdzy Nieszczęścia
19%
3 (57) W niewoli
19%
4 (68) Drapieżniki
18%
3 (87) Orędownicy wolności
18%
7 (71) Sekrety wychodzą na jaw
18%
5 (69) Przewaga
17%
2 (96) W otchłań ciemności
17%
5 (89) Złotym Szlakiem
16%
9 (93) Szkoła życia
15%
Nie znaleziono quizów pasujących do podanych kryteriów
Rozkład punktacji
Procent ludzi z każdym wynikiem
Percentyl według liczby udzielonych odpowiedzi
Twoja historia wyników
Nie rozwiązałeś tego quizu